Trendy v oceňovaní majetku a záväzkov poisťovní
Oceňovanie majetku a záväzkov podnikateľských subjektov všeobecne. Špecifiká oceňovania poisťovní. Solventnosť II a zmeny v oceňovaní.
Salvato in:
| Autore principale: | |
|---|---|
| Altri autori: | |
| Natura: | Capitolo di libro |
| Lingua: | slovacco |
| Soggetti: | |
| Tags: |
Nessun Tag, puoi essere il primo ad aggiungerne!!
|
MARC
| LEADER | 00000naa a2200000 4500 | ||
|---|---|---|---|
| 001 | 0146986 | ||
| 005 | 20240611072000.7 | ||
| 041 | 0 | |a slo | |
| 044 | |a CZ | ||
| 245 | 1 | 0 | |a Trendy v oceňovaní majetku a záväzkov poisťovní |c Anna Majtánová, Ingrid Vachálková |
| 520 | |a Oceňovanie majetku a záväzkov podnikateľských subjektov všeobecne. Špecifiká oceňovania poisťovní. Solventnosť II a zmeny v oceňovaní. | ||
| 610 | 2 | 0 | |a oceňovanie |
| 610 | 2 | 0 | |a majetok |
| 610 | 2 | 0 | |a záväzky |
| 610 | 2 | 0 | |a poisťovne |
| 610 | 2 | 0 | |a štandardy účtovné medzinárodné |
| 610 | 2 | 0 | |a IFRS |
| 100 | 1 | |a Majtánová, Anna | |
| 700 | 1 | |a Vachálková, Ingrid | |